000
00270nam a2200097 4500
999
_c
515028
_d
515028
082
_a
TNC T19x51 B314
100
_a
Batcha, L.Kamal
_9
20104
245
_a
A few days in the people's republic of China
260
_a
Thanjavur
_b
Cresent Moon Publications
_c
2002
300
_a
168p.